000 005960000a22001090004500
100 1 _aHermelin Bravo, Daniel
245 1 0 _aÓpera prima en París : Lírica colombiana
300 _aVol.0, núm.7 (Abril, 2006), Páginas 20-21
520 _a¿Quién fue Ernesto Ponce de León? Nada menos que el autor de Ester, la primera ópera colombiana que se estrenó en 1874 con un éxito enorme pero no volvió a representarse nunca. Hasta hoy, que Rondy Torres, un joven y talentoso músico colombiano, la acaba de reestrenar en París.
773 0 _tArcadia / Andrés Felipe Solano, Editor
942 _cANA
999 _c61769
_d61769